[Event "DEM U14 2016"]
[Site "Willingen GER"]
[Date "2016.05.15"]
[Round "1"]
[White "Brunner, Jan"]
[Black "Engel, Luis"]
[Result "0-1"]
[Termination "normal"]
[Board "1"]
[WhiteElo "1963"]
[BlackElo "2223"]
[WhiteClock "00:17:30"]
[BlackClock "00:50:09"]
[PlyCount "136"]
[WhiteFideId "12981010"]
[BlackFideId "12961523"]
[EventCountry "GER"]
[EventRounds "9"]
[EventType "swiss"]
[EventDate "2016.05.14"]

1. d4 c5 2. e3 cxd4 3. exd4 Nf6 4. Nf3 d5 5. c3 Nc6 6. h3 Bf5 7. Bf4 e6 8. Bd3
Bxd3 9. Qxd3 Bd6 10. Bxd6 Qxd6 11. Nbd2 O-O 12. O-O b5 13. b3 Rab8 14. Rfe1 Nd7
15. Qe3 Rfc8 16. a4 b4 17. c4 dxc4 18. Nxc4 Qd5 19. Rac1 Nb6 20. Nxb6 axb6 21.
Rc4 Qd6 22. Rec1 Ne7 23. Rxc8+ Rxc8 24. Rxc8+ Nxc8 25. Qc1 Ne7 26. Qc4 f6 27.
Kf1 Kf7 28. g3 g5 29. Ne1 Nc6 30. Nc2 Na5 31. Qxb4 Qxb4 32. Nxb4 Nxb3 33. Nc2
Nd2+ 34. Ke2 Ne4 35. Ke3 Nc3 36. Kd3 Nxa4 37. Kc4 Nb2+ 38. Kb5 Nd1 39. f3 Nc3+
40. Kxb6 Ne2 41. g4 Ng1 42. Ne1 Nxh3 43. Kc6 Nf4 44. Kd6 Kg6 45. Ke7 f5 46. Nc2
h5 47. gxh5+ Kxh5 48. Kf6 g4 49. fxg4+ fxg4 50. Ke5 g3 51. Ne3 Kg5 52. Ke4 Nd5
53. Ng2 Kg4 54. Ke5 Kh3 55. Ne1 Nc7 56. Kd6 Nb5+ 57. Kxe6 Nxd4+ 58. Ke5 Nc2 59.
Nf3 g2 60. Ke4 Kg3 61. Ng1 Kf2 62. Nh3+ Kf1 63. Kd3 Nb4+ 64. Kd4 Na6 65. Kd5
Nc7+ 66. Ke5 Nb5 67. Ke4 Nc3+ 68. Ke3 Nd1+ 0-1

[Event "DEM U14 2016"]
[Site "Willingen GER"]
[Date "2016.05.15"]
[Round "1"]
[White "Baltic, Fatih"]
[Black "Pölt, Christoph"]
[Result "1-0"]
[Termination "normal"]
[Board "2"]
[WhiteElo "2163"]
[BlackElo "1767"]
[WhiteClock "01:03:40"]
[BlackClock "00:25:46"]
[PlyCount "43"]
[WhiteFideId "12979090"]
[BlackFideId "12960853"]
[EventCountry "GER"]
[EventRounds "9"]
[EventType "swiss"]
[EventDate "2016.05.14"]

1. e4 c5 2. Nf3 d6 3. d4 cxd4 4. Nxd4 Nf6 5. Nc3 g6 6. Be3 Bg7 7. Be2 O-O 8.
Qd2 Nc6 9. O-O-O Ng4 10. Bxg4 Bxg4 11. f3 Nxd4 12. Bxd4 Bxd4 13. Qxd4 Be6 14.
f4 Qa5 15. f5 gxf5 16. Nd5 Bxd5 17. exd5 Qxa2 18. Rd3 f6 19. Ra3 Qxa3 20. bxa3
Rfc8 21. Re1 Rc7 22. Qd3 1-0

[Event "DEM U14 2016"]
[Site "Willingen GER"]
[Date "2016.05.15"]
[Round "1"]
[White "Hoffmann, Lennard"]
[Black "Biastoch, Bennet"]
[Result "1-0"]
[Termination "normal"]
[Board "3"]
[WhiteElo "1867"]
[BlackElo "2105"]
[WhiteClock "00:21:27"]
[BlackClock "00:05:35"]
[PlyCount "77"]
[WhiteFideId "12943495"]
[BlackFideId "12939889"]
[EventCountry "GER"]
[EventRounds "9"]
[EventType "swiss"]
[EventDate "2016.05.14"]

1. e4 c5 2. Nf3 d6 3. d4 cxd4 4. Nxd4 Nf6 5. Nc3 Nc6 6. Bg5 e6 7. Qd2 a6 8.
O-O-O Bd7 9. f4 b5 10. Bxf6 gxf6 11. Nxc6 Bxc6 12. f5 b4 13. Ne2 e5 14. Ng3 h5
15. Qxb4 h4 16. Ne2 Rb8 17. Qc4 Bb5 18. Qd5 Qb6 19. b3 Rc8 20. Kb2 Qe3 21. Qb7
Kd8 22. c4 Bc6 23. Qxf7 Be7 24. Nc3 Bxe4 25. Qe6 Qf2+ 26. Be2 Qxf5 27. Rxd6+
Bxd6 28. Qxd6+ Ke8 29. Nxe4 Rd8 30. Qc6+ Ke7 31. Rf1 Qe6 32. Qxe6+ Kxe6 33.
Rxf6+ Ke7 34. Rxa6 Rd4 35. Bf3 h3 36. Ra7+ Kf8 37. Ra8+ Kg7 38. Rxh8 hxg2 39.
Bxg2 1-0

[Event "DEM U14 2016"]
[Site "Willingen GER"]
[Date "2016.05.15"]
[Round "1"]
[White "Mätzkow, Maximilian Paul"]
[Black "Yankelevich, Michael"]
[Result "1/2-1/2"]
[Termination "normal"]
[Board "4"]
[WhiteElo "2161"]
[BlackElo "1960"]
[WhiteClock "00:02:22"]
[BlackClock "01:33:45"]
[PlyCount "124"]
[WhiteFideId "24679933"]
[BlackFideId "12921440"]
[EventCountry "GER"]
[EventRounds "9"]
[EventType "swiss"]
[EventDate "2016.05.14"]

1. d4 d5 2. Nc3 Bf5 3. Bf4 Nf6 4. f3 c6 5. g4 Bg6 6. h4 h6 7. e3 e6 8. Bd3 Bxd3
9. Qxd3 Bd6 10. Nge2 Qc7 11. O-O-O Nbd7 12. Bxd6 Qxd6 13. e4 dxe4 14. Nxe4 Nxe4
15. fxe4 O-O-O 16. Kb1 Nb6 17. Nc3 Qb4 18. a3 Qc4 19. e5 Qxd3 20. Rxd3 Rdf8 21.
Ne4 Kc7 22. Rf1 Nc4 23. Rdf3 f6 24. exf6 gxf6 25. Rxf6 Rfg8 26. Rxe6 Rxg4 27.
Rf7+ Kc8 28. Ka2 Rxe4 29. Rxe4 Nd6 30. Ref4 Nxf7 31. Rxf7 Rd8 32. Rh7 Rxd4 33.
Rxh6 Kc7 34. Kb3 Rd2 35. c4 Kb6 36. Rh7 Rh2 37. h5 Rh3+ 38. Ka2 a5 39. h6 Kc5
40. Rxb7 Rxh6 41. Ra7 Kb6 42. Rg7 Rh4 43. Kb3 Rh2 44. Rg8 Kb7 45. Rg3 Kb6 46.
Kc3 Rf2 47. b3 Ra2 48. Rg5 Rh2 49. Rg3 Ra2 50. Rd3 a4 51. Kb4 axb3 52. Rxb3 Rc2
53. Rc3 Rb2+ 54. Rb3 Rc2 55. Rh3 Rb2+ 56. Kc3 Ra2 57. Kb3 Ra1 58. Rh5 Rb1+ 59.
Ka4 Rc1 60. Kb3 Rb1+ 61. Kc2 Ra1 62. Kb2 Rg1 1/2-1/2

[Event "DEM U14 2016"]
[Site "Willingen GER"]
[Date "2016.05.15"]
[Round "1"]
[White "Rockmann, Jan-Okke"]
[Black "Suvorov, Alexander"]
[Result "1-0"]
[Termination "normal"]
[Board "5"]
[WhiteElo "1885"]
[BlackElo "2086"]
[WhiteClock "01:04:21"]
[BlackClock "00:10:33"]
[PlyCount "77"]
[WhiteFideId "12942111"]
[BlackFideId "12977063"]
[EventCountry "GER"]
[EventRounds "9"]
[EventType "swiss"]
[EventDate "2016.05.14"]

1. e4 c6 2. Nf3 d5 3. Nc3 Bg4 4. h3 Bxf3 5. Qxf3 e6 6. g3 Nf6 7. Bg2 dxe4 8.
Nxe4 Nxe4 9. Qxe4 Qd5 10. O-O Qxe4 11. Bxe4 g6 12. b4 Bg7 13. Rb1 Kd7 14. b5
Kc7 15. d3 Nd7 16. bxc6 bxc6 17. Bd2 Bd4 18. Rb4 e5 19. Rc4 Nb8 20. Kh2 Rd8 21.
f4 f6 22. fxe5 fxe5 23. Bg5 Rd7 24. Rf8 Kb7 25. c3 Bb6 26. Bf6 Bc7 27. Rb4+ Ka6
28. Rb3 Bd6 29. Rc8 Rc7 30. Rd8 Rd7 31. Rbxb8 Rxb8 32. Rxd7 Rb2+ 33. Bg2 Bc5
34. Bxe5 Rxa2 35. Rxh7 Ra1 36. d4 Bb6 37. Rg7 Kb5 38. Rxg6 c5 39. c4+ 1-0

[Event "DEM U14 2016"]
[Site "Willingen GER"]
[Date "2016.05.15"]
[Round "1"]
[White "Zimmer, Raphael"]
[Black "Recktenwald, Cedric"]
[Result "1-0"]
[Termination "normal"]
[Board "6"]
[WhiteElo "2091"]
[BlackElo "1563"]
[WhiteClock "00:07:55"]
[BlackClock "00:02:03"]
[PlyCount "57"]
[WhiteFideId "12978841"]
[BlackFideId "12971928"]
[EventCountry "GER"]
[EventRounds "9"]
[EventType "swiss"]
[EventDate "2016.05.14"]

1. e4 e6 2. Nf3 d5 3. exd5 exd5 4. d4 Bd6 5. c4 c6 6. Nc3 Ne7 7. c5 Bc7 8. Bd3
Bf5 9. O-O O-O 10. Re1 Bxd3 11. Qxd3 Nd7 12. b4 a6 13. a4 Ng6 14. Bg5 f6 15.
Bd2 Re8 16. g3 Ndf8 17. Qf5 Rxe1+ 18. Rxe1 Qd7 19. Qh5 Re8 20. Rb1 Ne6 21. Re1
Nef8 22. Rxe8 Qxe8 23. Nxd5 cxd5 24. Qxd5+ Ne6 25. Qxb7 Qd7 26. Be3 f5 27. b5
f4 28. bxa6 Nd8 29. Qb3+ 1-0

[Event "DEM U14 2016"]
[Site "Willingen GER"]
[Date "2016.05.15"]
[Round "1"]
[White "Pfreundt, Mathis"]
[Black "Färber, David"]
[Result "0-1"]
[Termination "normal"]
[Board "7"]
[WhiteElo "1851"]
[BlackElo "2117"]
[WhiteClock "00:39:40"]
[BlackClock "00:53:38"]
[PlyCount "62"]
[WhiteFideId "12967092"]
[BlackFideId "12971294"]
[EventCountry "GER"]
[EventRounds "9"]
[EventType "swiss"]
[EventDate "2016.05.14"]

1. e4 c5 2. Nf3 Nc6 3. d4 cxd4 4. Nxd4 e5 5. Nb5 d6 6. N1c3 a6 7. Na3 b5 8. Nd5
Nce7 9. c4 Nxd5 10. exd5 bxc4 11. Nxc4 Be7 12. Be2 Nf6 13. O-O O-O 14. Be3 Bb7
15. Nb6 Rb8 16. a4 Nd7 17. a5 f5 18. f3 Qe8 19. b4 Bd8 20. Nxd7 Qxd7 21. b5
axb5 22. a6 Ba8 23. a7 Rb7 24. Qb3 Bb6 25. Bxb6 Rxb6 26. Ra5 b4 27. Rc1 Rc8 28.
Rc4 Rxc4 29. Bxc4 Qc7 30. g3 Rb7 31. Kg2 Qxa5 0-1

[Event "DEM U14 2016"]
[Site "Willingen GER"]
[Date "2016.05.15"]
[Round "1"]
[White "Schmider, Niklas"]
[Black "Roho, Kevin"]
[Result "1-0"]
[Termination "normal"]
[Board "8"]
[WhiteElo "2023"]
[BlackElo "1859"]
[WhiteClock "00:19:13"]
[BlackClock "01:04:17"]
[PlyCount "99"]
[WhiteFideId "12993778"]
[BlackFideId "12973734"]
[EventCountry "GER"]
[EventRounds "9"]
[EventType "swiss"]
[EventDate "2016.05.14"]

1. e4 d5 2. exd5 Nf6 3. d4 Nxd5 4. c4 Nb6 5. Nf3 g6 6. h3 Bg7 7. Nc3 O-O 8. Be3
Nc6 9. Be2 e5 10. d5 Ne7 11. O-O Nf5 12. Bg5 f6 13. Bc1 Qe7 14. a4 a6 15. a5
Nd7 16. Qc2 c5 17. b3 Nd4 18. Nxd4 exd4 19. Na4 Ne5 20. f4 Bf5 21. Qd2 Nd7 22.
Bd3 Bxd3 23. Qxd3 Rfe8 24. Bd2 Qe4 25. Qxe4 Rxe4 26. f5 Rae8 27. Rad1 Kf7 28.
Bf4 Bf8 29. Bc7 Re2 30. Nb6 Nxb6 31. axb6 Ke7 32. Kh1 g5 33. h4 h6 34. Rf3 g4
35. Rfd3 h5 36. Kh2 Kd7 37. Bg3 Rb2 38. R1d2 Rxd2 39. Rxd2 Bd6 40. Bxd6 Kxd6
41. Kg1 Re5 42. Kf2 Rxf5+ 43. Ke1 Re5+ 44. Kd1 f5 45. Rf2 Ke7 46. Kd2 Kf6 47.
b4 cxb4 48. Kd3 Re1 49. c5 Rc1 50. c6 1-0

[Event "DEM U14 2016"]
[Site "Willingen GER"]
[Date "2016.05.15"]
[Round "1"]
[White "Gutschenreiter, Donato"]
[Black "Pajeken, Jakob Leon"]
[Result "0-1"]
[Termination "normal"]
[Board "9"]
[WhiteElo "1870"]
[BlackElo "2066"]
[WhiteClock "00:09:36"]
[BlackClock "00:16:36"]
[PlyCount "90"]
[WhiteFideId "12975540"]
[BlackFideId "12942839"]
[EventCountry "GER"]
[EventRounds "9"]
[EventType "swiss"]
[EventDate "2016.05.14"]

1. e4 e5 2. Nf3 Nc6 3. Bc4 Bc5 4. c3 Nf6 5. d3 a6 6. a4 Ba7 7. O-O h6 8. Na3
O-O 9. Nc2 d6 10. Be3 Ne7 11. Bxa7 Rxa7 12. Ne3 c6 13. Bb3 Ng6 14. g3 b6 15.
Qc2 Re8 16. Rad1 Ng4 17. Ng2 Rae7 18. Nfh4 Nxh4 19. Nxh4 d5 20. Qd2 Nf6 21. Bc2
Qd6 22. Rfe1 Rd8 23. Qe2 a5 24. exd5 cxd5 25. Qd2 d4 26. c4 Rde8 27. f3 Qc6 28.
Qf2 Bb7 29. Kf1 Rc7 30. Rd2 g5 31. Nf5 Kh7 32. Bd1 Bc8 33. g4 Bxf5 34. gxf5 Qd7
35. Bc2 Qxf5 36. Rde2 Rce7 37. Kg1 Nh5 38. Re4 Nf4 39. Qg3 Qg6 40. Rb1 h5 41.
Kh1 h4 42. Qf2 f5 43. Ree1 g4 44. Qxh4+ Kg7 45. fxg4 Qc6+ 0-1

[Event "DEM U14 2016"]
[Site "Willingen GER"]
[Date "2016.05.15"]
[Round "1"]
[White "Roseneck, Jonas"]
[Black "Biermann, Lenhard"]
[Result "1-0"]
[Termination "normal"]
[Board "10"]
[WhiteElo "2011"]
[BlackElo "1711"]
[WhiteClock "00:11:10"]
[BlackClock "00:15:19"]
[PlyCount "55"]
[WhiteFideId "12939870"]
[BlackFideId "12970077"]
[EventCountry "GER"]
[EventRounds "9"]
[EventType "swiss"]
[EventDate "2016.05.14"]

1. e4 e6 2. d4 d5 3. Nc3 Bb4 4. e5 c5 5. a3 Ba5 6. b4 cxd4 7. Qg4 Ne7 8. bxa5
dxc3 9. Qxg7 Rg8 10. Qxh7 Nbc6 11. Nf3 Qc7 12. Bf4 Qxa5 13. h4 Qa4 14. Bg3 b6
15. Ng5 Rf8 16. Qd3 Bd7 17. Qxc3 Rc8 18. Bd3 Nd4 19. Qb4 Nxc2+ 20. Bxc2 Qxc2
21. O-O Nf5 22. Nh7 Rh8 23. Nf6+ Kd8 24. Qf4 Ne7 25. Rfc1 Qf5 26. Qb4 Qd3 27.
Qd6 Qb5 28. a4 1-0

[Event "DEM U14 2016"]
[Site "Willingen GER"]
[Date "2016.05.15"]
[Round "1"]
[White "Roth, Jakob"]
[Black "Tong, Kevin"]
[Result "0-1"]
[Termination "normal"]
[Board "11"]
[WhiteElo "1847"]
[BlackElo "2037"]
[WhiteClock "00:17:27"]
[BlackClock "00:03:36"]
[PlyCount "86"]
[WhiteFideId "12952605"]
[BlackFideId "12913944"]
[EventCountry "GER"]
[EventRounds "9"]
[EventType "swiss"]
[EventDate "2016.05.14"]

1. d4 d5 2. c4 c6 3. Nf3 Nf6 4. e3 Bg4 5. Nc3 e6 6. Be2 Bd6 7. b3 O-O 8. Bb2
Nbd7 9. O-O Re8 10. cxd5 exd5 11. Nd2 Bf5 12. Re1 Re6 13. Nf1 Ne4 14. Nxe4 Bxe4
15. Ng3 Qh4 16. f4 Rh6 17. Nf1 Bb4 18. a3 Bxe1 19. Qxe1 Qxe1 20. Rxe1 Rc8 21.
b4 b6 22. Rc1 Rd6 23. Bb5 Nf8 24. Nd2 Bf5 25. Ba6 Rc7 26. Nb3 Ne6 27. a4 f6 28.
Ba3 Nd8 29. Kf2 g5 30. Be2 gxf4 31. exf4 Re6 32. Bf3 Be4 33. Bg4 f5 34. Bh5 Kg7
35. Rc3 Rh6 36. Rg3+ Kf6 37. Rh3 Ne6 38. g3 Bc2 39. Nd2 Bxa4 40. Nf3 Bd1 41. b5
Bxf3 42. Kxf3 Nxd4+ 43. Kf2 c5 0-1

[Event "DEM U14 2016"]
[Site "Willingen GER"]
[Date "2016.05.15"]
[Round "1"]
[White "Mantel, Ruben"]
[Black "Meric, Geoffrey"]
[Result "1-0"]
[Termination "normal"]
[Board "12"]
[WhiteElo "1925"]
[BlackElo "1873"]
[WhiteClock "00:40:10"]
[BlackClock "00:27:49"]
[PlyCount "115"]
[WhiteFideId "12930121"]
[BlackFideId "26092891"]
[EventCountry "GER"]
[EventRounds "9"]
[EventType "swiss"]
[EventDate "2016.05.14"]

1. e4 e6 2. d4 d5 3. exd5 exd5 4. Bd3 Nc6 5. c3 Bd6 6. Qf3 Nge7 7. Ne2 Be6 8.
Bf4 f6 9. O-O Bf7 10. Nd2 g5 11. Bxd6 Qxd6 12. Nb3 O-O-O 13. Nc5 Bg6 14. Ng3
Kb8 15. Rfe1 Rdf8 16. Bxg6 hxg6 17. Re6 Qd8 18. Rxf6 Nf5 19. Rxf8 Rxf8 20. Ne6
Nfxd4 21. Qxf8 Nxe6 22. Qxd8+ Ncxd8 23. Re1 c6 24. Ne2 Kc7 25. Nd4 Nxd4 26.
cxd4 Kd7 27. f3 Ne6 28. Re5 Ke7 29. Kf2 Kf6 30. Ke3 Kf7 31. g3 Kf6 32. f4 gxf4+
33. gxf4 g5 34. Rxe6+ Kxe6 35. fxg5 Kf5 36. h4 a5 37. Kd3 b6 38. b3 c5 39. a4
Kg6 40. Ke3 Kf5 41. Kf3 Kg6 42. Kf4 Kg7 43. h5 Kf7 44. h6 Kg6 45. Ke5 c4 46.
bxc4 dxc4 47. Ke4 b5 48. axb5 a4 49. b6 a3 50. b7 a2 51. b8=Q a1=Q 52. Qg8+ Kh5
53. h7 Qe1+ 54. Kd5 Qh1+ 55. Kc5 Qe1 56. h8=Q+ Kg4 57. Qc8+ Kxg5 58. Qg7+ 1-0

[Event "DEM U14 2016"]
[Site "Willingen GER"]
[Date "2016.05.15"]
[Round "1"]
[White "Lesny, Florian"]
[Black "Kopylov, Daniel"]
[Result "0-1"]
[Termination "normal"]
[Board "13"]
[WhiteElo "1865"]
[BlackElo "2098"]
[WhiteClock "00:18:35"]
[BlackClock "00:15:48"]
[PlyCount "96"]
[WhiteFideId "12973874"]
[BlackFideId "12921971"]
[EventCountry "GER"]
[EventRounds "9"]
[EventType "swiss"]
[EventDate "2016.05.14"]

1. e4 c5 2. Nf3 d6 3. d4 cxd4 4. Nxd4 Nf6 5. Nc3 Nc6 6. Bg5 e6 7. Qd2 Be7 8.
O-O-O Nxd4 9. Qxd4 O-O 10. f4 Qa5 11. h4 e5 12. Qd2 exf4 13. Bxf4 Be6 14. a3
Rfd8 15. Be2 Rac8 16. Bf3 b5 17. Nd5 Qxd2+ 18. Rxd2 Nxd5 19. exd5 Bf5 20. g4
Rc4 21. Bg5 Bxg5 22. hxg5 Bxg4 23. Bxg4 Rxg4 24. Rdh2 Rxg5 25. Rxh7 Rg1+ 26.
Rxg1 Kxh7 27. Kd2 Rc8 28. Kd3 Rc5 29. Rh1+ Kg8 30. Rh5 g6 31. Rg5 Kg7 32. b4
Rc4 33. Rg1 Rh4 34. Rg3 Rh5 35. Kd4 Rf5 36. Ke4 Re5+ 37. Kd4 f5 38. Rc3 Re4+
39. Kd3 Kf6 40. Rc7 Re7 41. Rc8 g5 42. Kd4 Re4+ 43. Kd3 g4 44. Rg8 Ke5 45. Rg5
Rd4+ 46. Ke3 Rxd5 47. Rh5 Rd1 48. Rg5 Ra1 0-1

[Event "DEM U14 2016"]
[Site "Willingen GER"]
[Date "2016.05.15"]
[Round "1"]
[White "Holinka, Henning"]
[Black "Righi, Sofian"]
[Result "1-0"]
[Termination "normal"]
[Board "14"]
[WhiteElo "2011"]
[BlackElo "1734"]
[WhiteClock "00:03:42"]
[BlackClock "00:03:38"]
[PlyCount "67"]
[WhiteFideId "12967084"]
[BlackFideId "12987581"]
[EventCountry "GER"]
[EventRounds "9"]
[EventType "swiss"]
[EventDate "2016.05.14"]

1. e4 c5 2. Nf3 Nc6 3. d4 cxd4 4. Nxd4 g6 5. c4 Bg7 6. Be3 d6 7. Nc3 Nf6 8. Be2
O-O 9. Qd2 Bd7 10. O-O Nxd4 11. Bxd4 Bc6 12. f3 a5 13. b3 Nd7 14. Be3 Nc5 15.
Rab1 Qc7 16. Rfc1 b6 17. Rc2 Rfc8 18. Bf1 Rab8 19. Rbc1 Qb7 20. Nd5 Bxd5 21.
cxd5 Nd7 22. Bb5 Nc5 23. Rb1 Na6 24. Rc6 Rxc6 25. dxc6 Qa7 26. Bxa6 Qxa6 27.
Rc1 Rc8 28. Rc2 Rc7 29. Qd5 b5 30. a4 b4 31. Qb5 Qxb5 32. axb5 Bc3 33. b6 Rc8
34. b7 1-0

[Event "DEM U14 2016"]
[Site "Willingen GER"]
[Date "2016.05.15"]
[Round "1"]
[White "Stelmaszyk, Nico"]
[Black "Wong, Gengchun"]
[Result "1/2-1/2"]
[Termination "normal"]
[Board "15"]
[WhiteElo "1778"]
[BlackElo "2077"]
[WhiteClock "00:16:52"]
[BlackClock "00:13:38"]
[PlyCount "128"]
[WhiteFideId "16200462"]
[BlackFideId "12963283"]
[EventCountry "GER"]
[EventRounds "9"]
[EventType "swiss"]
[EventDate "2016.05.14"]

1. e4 c5 2. c3 d5 3. exd5 Qxd5 4. Nf3 Nf6 5. d4 Bg4 6. Be2 e6 7. O-O Nc6 8. Bf4
Be7 9. Na3 O-O 10. Nc2 cxd4 11. Nfxd4 Bxe2 12. Qxe2 Nxd4 13. Nxd4 Rfd8 14. Rfd1
Qa5 15. Qb5 Qxb5 16. Nxb5 a6 17. Nd4 Rd7 18. Rd2 Ne4 19. Re2 Nc5 20. Rd1 Rad8
21. Red2 Bf6 22. Ne2 Rxd2 23. Rxd2 Rxd2 24. Bxd2 Nd3 25. b3 b5 26. Nd4 Nc5 27.
f3 Bxd4+ 28. cxd4 Nd7 29. Kf2 Kf8 30. Ke3 Nf6 31. Kf4 Nd5+ 32. Ke5 Ke7 33. g4
b4 34. Ke4 a5 35. Kd3 Kd6 36. Kc2 Kc6 37. a3 bxa3 38. Bxa5 Kb5 39. Bd2 f6 40.
Kb1 g5 41. Ka2 Nb4+ 42. Kxa3 Nc2+ 43. Kb2 Nxd4 44. f4 Nf3 45. fxg5 fxg5 46. Kc3
Nxh2 47. Bxg5 Nxg4 48. Kd4 Kb4 49. Ke4 Kxb3 50. Kf4 h5 51. Kg3 Ne5 52. Kf4 Ng6+
53. Ke4 Kc4 54. Be3 h4 55. Bg5 h3 56. Kf3 Ne5+ 57. Kg3 h2 58. Kg2 Ng4 59. Bf4
Kd3 60. Bb8 Ke2 61. Bc7 Kd3 62. Bb8 Kd4 63. Bc7 e5 64. Bxe5+ Kxe5 1/2-1/2

[Event "DEM U14 2016"]
[Site "Willingen GER"]
[Date "2016.05.15"]
[Round "1"]
[White "Stork, Oliver"]
[Black "Engel, Robert"]
[Result "1/2-1/2"]
[Termination "normal"]
[Board "16"]
[WhiteElo "1952"]
[BlackElo "1757"]
[PlyCount "66"]
[WhiteFideId "12955728"]
[BlackFideId "12974684"]
[EventCountry "GER"]
[EventRounds "9"]
[EventType "swiss"]
[EventDate "2016.05.14"]

1. c4 e5 2. g3 Nf6 3. Bg2 d5 4. cxd5 Nxd5 5. Nf3 Nc6 6. O-O Nde7 7. d3 g6 8.
Nc3 Bg7 9. Rb1 a5 10. a3 O-O 11. b4 axb4 12. axb4 Nd4 13. Nxd4 exd4 14. Ne4 Nd5
15. Qb3 Nc3 16. Bg5 Nxe2+ 17. Kh1 Qd7 18. Bf6 Qe6 19. Bxg7 Qxb3 20. Rxb3 Kxg7
21. Rbb1 Nc3 22. Nxc3 dxc3 23. Rb3 c2 24. Rc3 Bf5 25. Bxb7 Rad8 26. Be4 Bxe4+
27. dxe4 Rd2 28. Kg2 Re8 29. Rc4 Red8 30. Rc1 R8d4 31. R1xc2 Rxe4 32. b5 Rxc2
33. Rxc2 Re5 1/2-1/2

[Event "DEM U14 2016"]
[Site "Willingen GER"]
[Date "2016.05.15"]
[Round "1"]
[White "von Estorff, Jacob"]
[Black "Preißler, Niklas"]
[Result "0-1"]
[Termination "normal"]
[Board "17"]
[WhiteElo "1876"]
[BlackElo "1909"]
[PlyCount "132"]
[WhiteFideId "12974501"]
[BlackFideId "12927554"]
[EventCountry "GER"]
[EventRounds "9"]
[EventType "swiss"]
[EventDate "2016.05.14"]

1. e4 c5 2. Nf3 d6 3. d4 cxd4 4. Nxd4 Nf6 5. Nc3 a6 6. Be2 e5 7. Nb3 Be7 8. O-O
O-O 9. Be3 Be6 10. f4 exf4 11. Bxf4 Nc6 12. Bf3 Ne5 13. Nd5 Bxd5 14. exd5 Qb6+
15. Kh1 Rfe8 16. c3 Nfd7 17. Qc2 Bf6 18. Be4 g6 19. Rae1 Bg7 20. Be3 Qc7 21.
Bd4 Nf6 22. Nd2 Rac8 23. Re2 Re7 24. Rfe1 Rce8 25. c4 Nxe4 26. Rxe4 f5 27. Bxe5
fxe4 28. Bxg7 Kxg7 29. Nxe4 Re5 30. Qc3 Qe7 31. Ng3 Kg8 32. Rf1 Re1 33. Kg1
Qe3+ 34. Qxe3 R1xe3 35. Rf6 Rf8 36. Rxf8+ Kxf8 37. Kf2 Re5 38. Ne2 Ke7 39. b3
Kf6 40. Kf3 Rf5+ 41. Ke3 Rf1 42. Nc3 Ke5 43. h3 Re1+ 44. Ne2 Ra1 45. a4 Rb1 46.
Nd4 h6 47. g3 g5 48. g4 Rh1 49. Nf3+ Kf6 50. Kf2 Rc1 51. h4 gxh4 52. Nxh4 Rc2+
53. Ke3 Rc3+ 54. Kd4 Rxb3 55. Nf5 h5 56. Nxd6 hxg4 57. Ne4+ Ke7 58. d6+ Kd8 59.
Nc5 g3 60. Nxb3 g2 61. Kd5 g1=Q 62. Nc5 Qg5+ 63. Kd4 Qf6+ 64. Kd5 Qf3+ 65. Ke6
Qc6 66. Ne4 Qxe4+ 0-1

[Event "DEM U14 2016"]
[Site "Willingen GER"]
[Date "2016.05.15"]
[Round "1"]
[White "Wierzbicki, Jirawat"]
[Black "Lange, Jannis"]
[Result "1/2-1/2"]
[Termination "normal"]
[Board "18"]
[WhiteElo "2071"]
[BlackElo "1768"]
[PlyCount "88"]
[WhiteFideId "1153579"]
[BlackFideId "12993107"]
[EventCountry "GER"]
[EventRounds "9"]
[EventType "swiss"]
[EventDate "2016.05.14"]

1. e4 c5 2. c3 d5 3. exd5 Qxd5 4. d4 Nc6 5. Nf3 Bg4 6. Be2 cxd4 7. cxd4 Nf6 8.
Nc3 Qa5 9. O-O e6 10. a3 Bd6 11. Be3 O-O 12. Qb3 Ne7 13. h3 Bh5 14. Rac1 Ned5
15. Nxd5 Nxd5 16. Qxb7 Rab8 17. Qc6 Rxb2 18. Qxd6 Rxe2 19. Rc5 Qb6 20. Rc6 Qd8
21. Qxd8 Rxd8 22. Ne5 Nxe3 23. fxe3 Rxe3 24. Rc7 f6 25. Nc6 Ra8 26. a4 Re4 27.
Rb1 Be8 28. Nxa7 Rxd4 29. Rbb7 Rd1+ 30. Kh2 Bg6 31. Rxg7+ Kh8 32. Rgc7 Rg8 33.
Rb2 Ra1 34. Rb4 Ra2 35. Rc8 Rxc8 36. Nxc8 Bc2 37. Nb6 f5 38. Nc4 Rxa4 39. Rxa4
Bxa4 40. Kg3 Kg7 41. Ne5 Bb5 42. h4 Kf6 43. Kf4 h5 44. g3 Ba4 1/2-1/2

[Event "DEM U14 2016"]
[Site "Willingen GER"]
[Date "2016.05.15"]
[Round "1"]
[White "Mühlpfordt, Thomas"]
[Black "Röhr, Tobias"]
[Result "1/2-1/2"]
[Termination "normal"]
[Board "19"]
[WhiteElo "1707"]
[BlackElo "1898"]
[PlyCount "80"]
[WhiteFideId "12986623"]
[BlackFideId "12963089"]
[EventCountry "GER"]
[EventRounds "9"]
[EventType "swiss"]
[EventDate "2016.05.14"]

1. e4 c5 2. Nf3 e6 3. d4 cxd4 4. Nxd4 Nc6 5. Nc3 Qc7 6. Be2 a6 7. Be3 Nf6 8.
O-O Bb4 9. Na4 b5 10. Nxc6 dxc6 11. Nb6 Rb8 12. Nxc8 Rxc8 13. f4 Rd8 14. Qb1
Nxe4 15. c3 Nd2 16. Bxd2 Rxd2 17. cxb4 Qb6+ 18. Kh1 Rxe2 19. Qd3 Qe3 20. Qd6
Qe4 21. Qb8+ Ke7 22. Qc7+ Kf6 23. Rg1 h5 24. Raf1 g6 25. Rc1 h4 26. h3 Re3 27.
Kh2 Re2 28. Kh1 Rh5 29. Rxc6 Rd5 30. Rxa6 Rc2 31. Qb8 Rdd2 32. Ra7 Qd5 33. Qg8
e5 34. fxe5+ Kg5 35. Qxf7 Qxe5 36. Ra6 Qf5 37. Qe7+ Kh5 38. Qh7+ Kg5 39. Qe7+
Kh5 40. Qh7+ Kg5 1/2-1/2

[Event "DEM U14 2016"]
[Site "Willingen GER"]
[Date "2016.05.15"]
[Round "1"]
[White "Suvorov, Luca"]
[Black "Bajorski, Marius"]
[Result "1-0"]
[Termination "normal"]
[Board "20"]
[WhiteElo "1995"]
[BlackElo "1793"]
[PlyCount "137"]
[WhiteFideId "12977071"]
[BlackFideId "12938831"]
[EventCountry "GER"]
[EventRounds "9"]
[EventType "swiss"]
[EventDate "2016.05.14"]

1. d4 Nf6 2. c4 e6 3. Nf3 d5 4. Nc3 Be7 5. Bg5 O-O 6. cxd5 Nxd5 7. Bxe7 Qxe7 8.
e3 Rd8 9. Bd3 b6 10. Nxd5 exd5 11. Qc2 h6 12. O-O Ba6 13. Bxa6 Nxa6 14. Qa4 Nb8
15. Rac1 a5 16. Ne5 Na6 17. Qb3 Rd6 18. Nd3 Rb8 19. Qb5 Ra8 20. a3 Qd7 21. Qb3
Rb8 22. Qc3 Re6 23. b4 axb4 24. axb4 b5 25. Ra1 Rbb6 26. Qb3 Rec6 27. Ne5 Qf5
28. Nxc6 Rxc6 29. Qb1 Qh5 30. f3 Qg5 31. Re1 Rg6 32. Ra2 Qf6 33. Rf2 Qd6 34.
Rb2 Qf6 35. Qd1 Qd6 36. Qd2 Qf6 37. Qe2 Qc6 38. e4 Qc3 39. Rd2 Nxb4 40. e5 Nc6
41. Qd3 Qa5 42. Rdd1 Qb6 43. f4 Re6 44. Kh1 Re8 45. f5 Na5 46. Re3 Nc4 47. Rf3
Nb2 48. Qe2 Nxd1 49. f6 g6 50. Qxd1 c5 51. Qc1 c4 52. Qb1 Kh7 53. Qd1 b4 54.
Rh3 b3 55. Qc1 h5 56. Qg5 Qxf6 57. Qxf6 Ra8 58. Qxf7+ Kh6 59. Qf4+ Kh7 60. Qc1
Rf8 61. Rf3 Rxf3 62. gxf3 Kg7 63. Kg2 Kf7 64. Kf2 Ke6 65. Ke2 Kf5 66. h4 Ke6
67. Kd2 Kf5 68. Kc3 Ke6 69. Qg5 1-0